| 000 | 00561nam a2200193Ia 4500 | ||
|---|---|---|---|
| 003 | GCL | ||
| 008 | 140319s9999 xx 000 0 ara d | ||
| 040 |
_aGCL / _cGCL |
||
| 082 | 0 | 4 |
_a331.114 _bك ت |
| 100 | 1 | _aكامل بكرى | |
| 245 | 1 | 0 |
_aالتكامل الاقتصادى / _cكامل بكرى |
| 260 |
_a[S.N] : _bالمكتب العربى الحديث ، _c1984 |
||
| 300 | _a158 ص | ||
| 490 | _a | ||
| 650 | 0 | 4 | _aالاقتصاد |
| 650 | 0 | 4 | _aالتكامل الاقتصادى |
| 650 | 0 | 4 | _aالتخطيط الاقتصادى |
| 942 |
_2ddc _cBK |
||
| 999 |
_c29151 _d29151 |
||